|
|
|
|
| LEADER |
01251nam a2200241 a 4500 |
| 001 |
GR-MES1820 |
| 008 |
991111s1991 gr 000 0 gre d |
| 040 |
|
|
|a GrPaTEI
|b gre
|c GR-PaULI
|
| 245 |
0 |
0 |
|a Επιχειρησιακή έρευνα :
|b Μεθοδολογία-Ουρές αναμονής-προσομοίωση.
|
| 260 |
|
|
|a Αθήνα :
|b Σταμούλης Α,
|c 1991
|
| 300 |
|
|
|a 151σελ. :
|b πιν.,διαγρ.
|
| 500 |
|
|
|a περιέχει βιβλιογραφικές αναφορές
|
| 650 |
|
4 |
|a ΕΠΙΧΕΙΡΗΣΙΑΚΗ ΕΡΕΥΝΑ
|
| 650 |
|
4 |
|a Μάρκετινγκ
|
| 650 |
|
4 |
|a ΜΕΘΟΔΟΛΟΓΙΑ
|
| 650 |
|
4 |
|a ΠΡΟΣΟΜΟΙΩΣΗ
|
| 700 |
1 |
|
|a Ασημοκόπουλος, Νικήτας
|
| 710 |
0 |
|
|a Σταμούλης Α.Ε.
|
| 942 |
|
|
|2 ddc
|
| 952 |
|
|
|0 0
|1 0
|2 ddc
|4 0
|6 658_000000000000000_ΑΣΗ
|7 0
|9 266108
|a MSLG
|b MSLG
|c BSC
|d 2021-01-17
|e 24
|f 0
|g 0.00
|l 0
|o 658 ΑΣΗ
|p 2420000017784
|r 2021-01-17 00:00:00
|t 1
|w 2021-01-17
|y BK15
|x 20000201 0 1
|x GrPaTEI
|
| 952 |
|
|
|0 0
|1 0
|2 ddc
|4 0
|6 658_403000000000000_4_ΑΣΗ
|7 0
|9 266109
|a MSLG
|b MSLG
|c BSC
|d 2021-01-17
|e 24
|f 0
|g 0.00
|l 0
|o 658.403 4 ΑΣΗ
|p 2420000006665
|r 2021-01-17 00:00:00
|t 1
|w 2021-01-17
|y BK15
|x 19991111 0 1
|x GrPaTEI
|
| 971 |
|
|
|a .b25728647
|b 16-04-20
|c 13-09-16
|
| 999 |
|
|
|c 153017
|d 153017
|